UITU Library & LRC     

Philosophers Holiday (Record no. 18411)

MARC details
000 -LEADER
fixed length control field 00277nam a2200121Ia 4500
008 - FIXED-LENGTH DATA ELEMENTS--GENERAL INFORMATION
fixed length control field 241002s9999 xx 000 0 und d
082 ## - DEWEY DECIMAL CLASSIFICATION NUMBER
Classification number 921.1 EDM
100 ## - MAIN ENTRY--PERSONAL NAME
Personal name Edman Irwin
245 #0 - TITLE STATEMENT
Title Philosophers Holiday
260 ## - PUBLICATION, DISTRIBUTION, ETC.
Place of publication, distribution, etc. New York:
Date of publication, distribution, etc. 1956
600 ## - SUBJECT ADDED ENTRY--PERSONAL NAME
Personal name Philosophy
942 ## - ADDED ENTRY ELEMENTS (KOHA)
Koha item type Usman Collection
Holdings
Withdrawn status Lost status Damaged status Not for loan Home library Current library Date acquired Total checkouts Full call number Barcode Date last seen Price effective from Koha item type
        UITU Library UITU Library 01/01/1994   921.1 EDM UC84 10/02/2024 10/02/2024 Usman Collection

Powered by Koha